000 00755nam a2200217 a 4500
005 20210223130753.0
008 081103s1981 mx r 000 0 spa d
035 _aUPN01000164770
049 _aUNE
080 _a372.3: 613.2 =20 RAI No.91.
100 1 _aRaimbault, A. M.
245 1 0 _aNutrition education of pre-school age children :
_bsuggestions to teachers and parents /
_cby A. M. Raimbault.
260 _aParís :
_bUNESCO ;
_aNew York :
_bUNICEF,
_c1981.
300 _a10 p. :
_bil.
440 0 _aNotes, comments... ;
_v91
690 _aEducacion preescolar - Educacion nutricional
690 _aEducacion nutricional - Niños de edad preescolar
710 2 _aUNICEF
_924085
710 2 _aPrograma de Alimentación Mundial
905 _aUNESCO
999 _c136882
_d136882